Eissorten erkennen - Statistiken

Allgemein
  • Dieses Quiz wurde 384 mal gespielt
  • Das Durchschnittsergebnis liegt bei 7 aus 12
Antwortstatistiken
Bildquiz Antwort % Korrekt
Schokolade
99%
Vanille
99%
Erdbeere
98%
Stracciatella
90%
Mango
82%
Cookies
53%
Nuss
47%
Himbeere
44%
Kirsche
39%
Banane
36%
Joghurt
34%
Apfel
27%
Keine übereinstimmenden Quizze gefunden
Verteilung der Resultate
Anzahl Personen mit jedem Resultat
Perzentil nach korrekt beantworteten Fragen
Ihre Resultats-Entwicklung
Sie haben dieses Quiz noch nicht gespielt